[Event "Memorial David Garcia Ilundain (juniors)"]
[Site "masterchessopen.com Barcelona (Spain)"]
[Round "9"]
[White "Alsina Leal Daniel (ESP)"]
[Black "Amigo Villalta Jordi (ESP)"]
[Result "1-0"]
[WhiteElo "2282"]
[BlackElo "2156"]

1.e4 c5 2.Nf3 Nc6 3.d4 cxd4 4.Nxd4 g6 5.c4 Nf6 6.Nc3 d6 7.f3 Nxd4 8.Qxd4 Bg7
9.Be3 O-O 10.Qd2 a5 11.Be2 a4 12.O-O Qa5 13.Rab1 Be6 14.Rfc1 Rfc8 15.b4 axb3
16.axb3 Nd7 17.b4 Qa3 18.Nd5 Bxd5 19.exd5 Rc7 20.Rc2 Qa4 21.c5 dxc5 22.bxc5
Ra5 23.c6 Bf8 24.Rc4 Qa3 25.cxd7 Rxd7 26.Rc8 Rdxd5 27.Bh6 {#r} 1-0

[Event "Memorial David Garcia Ilundain (juniors)"]
[Site "masterchessopen.com Barcelona (Spain)"]
[Round "5"]
[White "Alsina Leal Daniel (ESP)"]
[Black "Vila Xavier (ESP)"]
[Result "1-0"]
[WhiteElo "2282"]
[BlackElo "2261"]

1.e4 c5 2.Nf3 g6 3.c4 Nc6 4.d4 cxd4 5.Nxd4 Nf6 6.Nc3 d6 7.f3 Nxd4 8.Qxd4 Bg7
9.Be3 O-O 10.Qd2 Be6 11.Rc1 Nd7 12.b3 a5 13.Bd3 Nc5 14.Bb1 Qb6 15.O-O Rfc8
16.f4 Bd7 17.Nd5 Qd8 18.e5 e6 19.Nf6+ Bxf6 20.exf6 Bc6 21.f5 exf5 22.Bxf5 gxf5
23.Bxc5 Qxf6 24.Bd4 Qe6 25.Rc3 Be4 26.Rh3 f4 27.Qxf4 Rc7 28.Rg3+ Bg6 29.Re3
{#r} 1-0

[Event "Ch Catalunia (juniors)"]
[Site "masterchessopen.com Catalunia (Spain)"]
[Round "1"]
[White "Almeida Toledano Daniel (ESP)"]
[Black "Aloma Vidal Robert (ESP)"]
[Result "0-1"]
[WhiteElo "2104"]
[BlackElo "2297"]

1.e4 c5 2.Nf3 Nc6 3.d4 cxd4 4.Nxd4 g6 5.c4 Nf6 6.Nc3 d6 7.Be2 Nxd4 8.Qxd4 Bg7
9.Be3 O-O 10.Qd2 Be6 11.Rc1 Qa5 12.O-O Rfc8 13.b3 a6 14.f3 Nd7 15.Bd4 Bxd4+
16.Qxd4 b5 17.cxb5 axb5 18.Bxb5 Rxc3 19.Rxc3 Qxb5 20.Rfc1 Nc5 21.R3c2 Na6
22.Rb2 Nb4 23.a4 Qa5 24.Re2 Rb8 25.f4 Bg4 26.Rd2 Na6 27.h3 Be6 28.Rc6 Nc5
29.f5 Nxb3 30.Qb2 Qxd2 {#R} 0-1

[Event "Zt"]
[Site "masterchessopen.com Dubai (United Arab Emirates)"]
[Round "8"]
[White "Jasim A R Saleh (UAE)"]
[Black "Taleb Moussa (UAE)"]
[Result "0-1"]
[WhiteElo "2312"]
[BlackElo "2517"]

1.e4 c5 2.Nf3 Nc6 3.d4 cxd4 4.Nxd4 g6 5.c4 Nf6 6.Nc3 Nxd4 7.Qxd4 d6 8.Be2 Bg7
9.O-O O-O 10.Qd3 Bd7 11.f3 Bc6 12.Be3 Nd7 13.b3 a6 14.Rac1 b5 15.cxb5 Bxb5
16.Nxb5 axb5 17.Qxb5 Rxa2 18.Bd3 Ne5 19.Bg5 Ra5 {#R} 0-1

[Event "It (open)"]
[Site "masterchessopen.com Finland"]
[Round "4"]
[White "Luukkonen Tommi (FIN)"]
[Black "Verkasalo Tommi (FIN)"]
[Result "1-0"]
[WhiteElo "2208"]
[BlackElo "2090"]

1.e4 c5 2.Nf3 Nc6 3.d4 cxd4 4.Nxd4 g6 5.c4 Nf6 6.Nc3 d6 7.Be2 Nxd4 8.Qxd4 Bg7
9.O-O O-O 10.Bg5 Be6 11.Qe3 Qa5 12.f4 Rfc8 13.Nd5 Bxd5 14.exd5 b5 15.cxb5 Nxd5
16.Qb3 Qb6+ 17.Kh1 Ne3 18.Rfc1 Qd4 19.Bf3 Rab8 20.Re1 Nc2 21.Rad1 Nxe1 22.Rxd4
Bxd4 23.Bc6 Bxb2 24.Bxe7 Bd4 25.Qd1 Nc2 26.a4 Na3 27.Qxd4 Rxc6 28.bxc6 Rb1+
29.Qg1 Rxg1+ 30.Kxg1 Nc4 31.a5 Nxa5 32.c7 {#r} 1-0

[Event "Ch France (juniors) (under 16)"]
[Site "masterchessopen.com France"]
[Round "6"]
[White "Jessel Stephen (IRL)"]
[Black "Beudaert Xavier (FRA)"]
[Result "1-0"]
[WhiteElo "2243"]
[BlackElo "2328"]

1.e4 c5 2.Nf3 Nc6 3.d4 cxd4 4.Nxd4 g6 5.c4 Nf6 6.Nc3 d6 7.Be2 Nxd4 8.Qxd4 Bg7
9.O-O O-O 10.Qd3 Be6 11.Be3 Ng4 12.Bd4 Ne5 13.Qd2 f5 14.f4 Nc6 15.Bxg7 Kxg7
16.Kh1 Qa5 17.a3 fxe4 18.b4 Qb6 19.Rad1 a5 20.c5 dxc5 21.Na4 Qc7 22.Nxc5 Bf7
23.Qb2+ Kg8 24.Rd7 Qc8 25.Bg4 e5 26.fxe5 Bc4 27.Rfd1 Qb8 28.Qc3 b5 29.Qh3 h5
30.Be6+ Kh8 31.Qe3 {#r} 1-0

[Event "Ch Asturias"]
[Site "masterchessopen.com Oviedo (Spain)"]
[Round "4"]
[White "Aguilar Canete Emilio (ESP)"]
[Black "Sierra Canosa Francisco (ESP)"]
[Result "0-1"]
[WhiteElo "1861"]
[BlackElo "2052"]

1.e4 c5 2.Nf3 Nc6 3.d4 cxd4 4.Nxd4 g6 5.c4 Nf6 6.Nc3 d6 7.Be2 Nxd4 8.Qxd4 Bg7
9.O-O O-O 10.Qd1 Be6 11.Be3 Qa5 12.Qd2 Rfc8 13.Nd5 Qxd2 14.Bxd2 Kf8 15.Bc3
Nxe4 16.Bxg7+ Kxg7 17.Nxe7 Re8 18.Nd5 Bxd5 19.cxd5 Ng3 20.fxg3 Rxe2 21.Rf2
Rxf2 22.Kxf2 Rc8 23.Re1 Rc2+ 24.Re2 Rxe2+ 25.Kxe2 Kf6 26.Kd3 Ke5 27.Kc4 a6
28.a4 b6 29.b4 Ke4 {#R} 0-1

[Event "It (open) (a)"]
[Site "masterchessopen.com Paris (France)"]
[Round "2"]
[White "Sanchez Louis (FRA)"]
[Black "Lam Sophie (FRA)"]
[Result "1-0"]
[WhiteElo "2247"]
[BlackElo "2037"]

1.e4 c5 2.Nf3 Nc6 3.d4 cxd4 4.Nxd4 g6 5.c4 Nf6 6.Nc3 Nxd4 7.Qxd4 Bg7 8.Bg5 O-O
9.Qd2 d6 10.Be2 Bd7 11.O-O Bc6 12.f3 Rc8 13.Rac1 Re8 14.Kh1 e6 15.Rfd1 Qa5
16.b4 Qxb4 17.Bxf6 Bxf6 18.Nd5 Qb2 19.Rc2 {#r} 1-0

[Event "It (open)"]
[Site "masterchessopen.com Penrith (Australia)"]
[Round "4"]
[White "Charles Gareth (AUS)"]
[Black "Solomon Stephen J (AUS)"]
[Result "0-1"]
[WhiteElo "2203"]
[BlackElo "2435"]

1.e4 c5 2.Nf3 Nc6 3.d4 cxd4 4.Nxd4 g6 5.c4 Nf6 6.Nc3 Bg7 7.Be2 Nxe4 8.Nxc6
Bxc3+ 9.bxc3 dxc6 10.Qc2 Qa5 11.O-O Nc5 12.a4 Bf5 13.Qa2 O-O-O 14.Ba3 Ne4
15.Bb4 Qe5 16.f4 Qe6 17.Qa3 Rd2 18.Bf3 Bg4 19.h3 Bxh3 20.Rae1 Bxg2 21.f5 Bxf3
22.Rxf3 gxf5 23.Kf1 Qh6 {#R} 0-1

[Event "It (open)"]
[Site "masterchessopen.com Samara (Russia)"]
[Round "3"]
[White "Voitsekhovsky Stanislav (RUS)"]
[Black "Abrashkin Boris (RUS)"]
[Result "1-0"]
[WhiteElo "2499"]
[BlackElo "2388"]

1.e4 c5 2.Nf3 g6 3.d4 cxd4 4.Nxd4 Nc6 5.c4 Nf6 6.Nc3 Nxd4 7.Qxd4 d6 8.Be2 Bg7
9.Bg5 O-O 10.O-O Be6 11.Qe3 Qb6 12.b3 Qxe3 13.Bxe3 Ng4 14.Bd2 f5 15.exf5 gxf5
16.Rfe1 Bxc3 17.Bxc3 Kf7 18.Bf3 Rab8 19.Re2 Bd7 20.Rae1 Rfe8 21.h3 Nf6 22.Bxf6
Kxf6 23.Bh5 b5 24.Bxe8 Rxe8 25.cxb5 Bxb5 26.Rc2 e5 27.f3 e4 28.Rd2 {#r} 1-0

[Event "Cup Russia (open)"]
[Site "masterchessopen.com Tomsk (Russia)"]
[Round "7"]
[White "Kron Valentin (RUS)"]
[Black "Iskusnyh Sergei (RUS)"]
[Result "0-1"]
[WhiteElo "2441"]
[BlackElo "2502"]

1.c4 c5 2.Nf3 g6 3.d4 cxd4 4.Nxd4 Nc6 5.e4 Nf6 6.Nc3 d6 7.Be2 Nxd4 8.Qxd4 Bg7
9.Bg5 O-O 10.Qd2 Be6 11.f3 Rc8 12.Nd5 b5 13.cxb5 Bxd5 14.exd5 Rc5 15.Bxf6 Bxf6
16.O-O Qb6 17.Kh1 Rfc8 18.Rac1 Qb7 19.Rxc5 Rxc5 20.Rd1 Qc7 21.Rb1 Rc2 22.Qe3
Bxb2 23.Bd1 Bc1 24.Qe1 Rc3 25.Bb3 Bf4 26.g3 Be5 27.Qe2 Qc5 28.Re1 Qb4 29.Kg2
Rc5 30.h4 h5 {#R} 0-1

[Event "Ch Hungary (team) 2002/03 (2 liga)"]
[Site "masterchessopen.com Hungary"]
[Date "2003.02.02"]
[Round "6"]
[White "Erdelyi Zombor (HUN)"]
[Black "Eberth Zoltan (HUN)"]
[Result "0-1"]
[WhiteElo "2270"]
[BlackElo "2165"]

1.e4 c5 2.Nf3 Nc6 3.d4 cxd4 4.Nxd4 g6 5.c4 Nf6 6.Nc3 Nxd4 7.Qxd4 d6 8.Bg5 Bg7
9.O-O-O O-O 10.Qd2 Be6 11.Kb1 a6 12.Qe1 Qb6 13.Be3 Qb4 14.Bd2 Nxe4 15.Rc1
Nxd2+ 16.Qxd2 Rfc8 17.Bd3 b5 18.a3 Qb3 19.Qd1 Qxd1 20.Rhxd1 bxc4 21.Be4 Rab8
22.Rc2 Bxc3 23.Rxc3 Rb5 24.f4 Rcb8 25.Rd2 d5 26.Bf3 d4 27.Rxd4 Rxb2+ 28.Kc1
Kg7 29.Bd5 Rb1+ 30.Kd2 Rd8 {#R} 0-1

[Event "Dos Hermanas Qualifier (17-B)"]
[Site "masterchessopen.com Internet"]
[Date "2003.03.17"]
[Round "2"]
[White "Catereniuc Dragos (ROM)"]
[Black "Ashe Brandon (USA)"]
[Result "0-1"]
[WhiteElo "2131"]
[BlackElo "2228"]

1.Nf3 c5 2.e4 Nc6 3.d4 cxd4 4.Nxd4 g6 5.c4 Nf6 6.Nc3 d6 7.Be3 Ng4 8.Bc1 Qb6
9.Be2 Nxd4 10.Bxg4 Bxg4 11.Qxg4 Nc2+ 12.Kd2 Nxa1 13.Nd5 Qd4+ 14.Ke2 Qxc4+ {#R}
0-1

[Event "It (open)"]
[Site "masterchessopen.com Kiel (Germany)"]
[Date "2003.07.30"]
[Round "7"]
[White "Zimmat Thorben (GER)"]
[Black "Schinkowski Christoph (GER)"]
[Result "0-1"]
[WhiteElo "2069"]
[BlackElo "2193"]

1.e4 c5 2.Nf3 Nc6 3.d4 cxd4 4.Nxd4 g6 5.c4 Nf6 6.Nc3 d6 7.f3 Nxd4 8.Qxd4 Bg7
9.Qf2 O-O 10.Be3 Be6 11.Bxa7 Qa5 12.Bd4 Rfc8 13.Be2 Bxc4 14.O-O b5 15.a4 Qb4
16.Bxc4 Rxc4 17.Ba7 bxa4 18.Rxa4 Qb3 19.Rfa1 Rxa4 20.Nxa4 Nd7 21.g3 Nc5
22.Nxc5 dxc5 23.Qxc5 Qxf3 24.Rf1 Qxe4 25.b4 Rxa7 {#R} 0-1

[Event "It (open)"]
[Site "masterchessopen.com Nova Gorica (Slovenia)"]
[Round "3"]
[White "Korneev Oleg (RUS)"]
[Black "Saric Ante (CRO)"]
[Result "1-0"]
[WhiteElo "2583"]
[BlackElo "2437"]

1.e4 c5 2.Nf3 Nc6 3.d4 cxd4 4.Nxd4 g6 5.c4 Nf6 6.Nc3 d6 7.Be2 Nxd4 8.Qxd4 Bg7
9.Be3 O-O 10.Qd2 Ng4 11.Bxg4 Bxg4 12.Bd4 a6 13.Bxg7 Kxg7 14.O-O Rc8 15.b3 Bd7
16.a4 a5 17.Rfe1 Rc5 18.e5 Bc6 19.Rad1 Qb6 20.exd6 exd6 21.Qxd6 Rg5 22.Nd5 Qd8
23.Qxd8 Rxd8 24.f4 Rh5 25.Nf6 {#r} 1-0

[Event "Bayern Regionalliga Northwest 2003/04"]
[Site "masterchessopen.com Bayern (Germany)"]
[Date "2004.02.15"]
[Round "6"]
[White "Strobel Walter (GER)"]
[Black "Braun Siegmund (GER)"]
[Result "0-1"]
[WhiteElo "2275"]
[BlackElo "2166"]

1.e4 c5 2.Nf3 g6 3.d4 cxd4 4.Nxd4 Nc6 5.c4 Nf6 6.Nc3 d6 7.Bg5 Bg7 8.Be2 Qa5
9.Nxc6 Qxg5 10.Nd4 Qxg2 11.Bf3 Qg5 12.Ndb5 O-O 13.Nc7 Rb8 14.Qb3 Qa5 15.Nb5 a6
16.Na3 Be6 17.O-O Qg5+ 18.Kh1 Qh4 19.Nd5 Nxd5 20.cxd5 Be5 {#R} 0-1

[Event "It (open) (c)"]
[Site "masterchessopen.com Aragon (Spain)"]
[Round "0"]
[White "Llorente Zaro Alfonso (ESP)"]
[Black "Arpa Pardo Emilio (ESP)"]
[Result "1-0"]
[WhiteElo "2321"]
[BlackElo "2087"]

1.e4 c5 2.Nf3 Nc6 3.c4 g6 4.d4 cxd4 5.Nxd4 Nf6 6.Nc3 d6 7.Be2 Nxd4 8.Qxd4 Bg7
9.Be3 O-O 10.Qd2 Be6 11.O-O Rc8 12.b3 Qa5 13.Rac1 b5 14.cxb5 Rxc3 15.Qxc3 Qxa2
16.Rc2 Qa3 17.b4 Qxc3 18.Rxc3 Nxe4 19.Rc7 Nc3 20.Bd3 Ra8 21.Rxa7 Rb8 22.b6 Be5
23.b7 Kg7 24.Ba6 Bd5 25.Bb6 Ne2+ 26.Bxe2 Bxb7 27.Bc7 Bxg2 28.Bxb8 {#r} 1-0

[Event "Ch France (juniors) (under 12)"]
[Site "masterchessopen.com France"]
[Round "9"]
[White "Fevre Mathieu (FRA)"]
[Black "Delivre Raphael (FRA)"]
[Result "1-0"]
[WhiteElo "2068"]
[BlackElo "1976"]

1.e4 c5 2.Nf3 Nc6 3.d4 cxd4 4.Nxd4 g6 5.c4 Nf6 6.Nc3 d6 7.Be2 Nxd4 8.Qxd4 Bg7
9.Be3 O-O 10.Qd2 Be6 11.f3 Qa5 12.Bd4 Rfc8 13.b3 b5 14.Nxb5 Qxd2+ 15.Kxd2 a6
16.Bxf6 Bxf6 17.Nc3 a5 18.Rad1 Kg7 19.f4 h5 20.Bf3 Rab8 21.Rhe1 a4 22.Rb1 Rb4
23.Nxa4 Bxc4 24.Rec1 Rcb8 25.g3 {#r} 1-0

[Event "It (open)"]
[Site "masterchessopen.com Goteborg (Sweden)"]
[Date "2004.06.19"]
[Round "8"]
[White "Krivonosov Oleg (LAT)"]
[Black "Akesson Joel (SWE)"]
[Result "1-0"]
[WhiteElo "2461"]
[BlackElo "2345"]

1.Nf3 c5 2.c4 Nc6 3.d4 cxd4 4.Nxd4 g6 5.e4 Nf6 6.Nc3 d6 7.Be2 Nxd4 8.Qxd4 Bg7
9.Be3 O-O 10.Qd2 Be6 11.Rc1 a6 12.f3 b5 13.cxb5 axb5 14.Bxb5 Qa5 15.a4 Rfc8
16.O-O Bb3 17.Nb1 Rcb8 18.Qxa5 Rxa5 19.Nc3 Ne8 20.Ra1 Nc7 21.Ra3 Bc2 22.Rc1
Bxc3 23.Rxc3 Nxb5 24.axb5 Ba4 25.Ra1 Rbxb5 26.b3 {#r} 1-0

[Event "It (open)"]
[Site "masterchessopen.com Balatonlelle (Hungary)"]
[Date "2004.07.24"]
[Round "6"]
[White "Schlegl Otto (HUN)"]
[Black "Feher Tamas (HUN)"]
[Result "0-1"]
[WhiteElo "2101"]
[BlackElo "2273"]

1.e4 c5 2.Nf3 Nc6 3.d4 cxd4 4.Nxd4 g6 5.c4 Nf6 6.Be3 Nxe4 7.Bd3 Qa5+ 8.Nd2 Nc5
9.Be2 Bg7 10.Nxc6 dxc6 11.Rb1 Ne4 12.b4 Qe5 13.Nxe4 Qxe4 14.O-O Bf5 15.Qb3 O-O
16.Rbd1 Rfd8 17.Bf3 Qc2 18.Qxc2 Bxc2 19.Rxd8+ Rxd8 20.Bxa7 Ra8 21.Bc5 e5 22.b5
e4 23.Bd1 Bd3 24.Re1 Rxa2 25.f3 Bc3 26.Bb3 Rb2 27.Rd1 Rxb3 28.fxe4 Rb1 {#R}
0-1

[Event "It (a)"]
[Site "masterchessopen.com Serpukhov (Russia)"]
[Round "0"]
[White "Dudukin Ilya (RUS)"]
[Black "Zubarev Alexander (UKR)"]
[Result "0-1"]
[WhiteElo "2431"]
[BlackElo "2505"]

1.Nf3 c5 2.c4 Nc6 3.d4 cxd4 4.Nxd4 g6 5.e4 Nf6 6.Nc3 Nxd4 7.Qxd4 d6 8.Be2 Bg7
9.Be3 Be6 10.Rc1 O-O 11.Qd2 a5 12.O-O a4 13.f4 Qa5 14.c5 dxc5 15.f5 Rfd8
16.Qe1 gxf5 17.exf5 Bd5 18.Qg3 Kh8 19.Nxd5 Nxd5 20.Rxc5 Qb4 21.Bf2 Qxb2 22.Bc4
Nc3 23.Qf3 Nxa2 24.Rb5 Qc2 25.Bxf7 Nc3 26.Rxb7 Bf6 27.Rb6 Ne4 28.Qh5 Qd2
29.Bg6 h6 30.Bh4 Bxh4 31.Rb2 {#R} 0-1

[Event "It (open)"]
[Site "masterchessopen.com Krakow (Poland)"]
[Date "2004.12.28"]
[Round "2"]
[White "Jedryczka Krystian (POL)"]
[Black "Caba Tomasz (POL)"]
[Result "0-1"]
[WhiteElo "2334"]
[BlackElo "2153"]

1.e4 c5 2.Nf3 Nc6 3.d4 cxd4 4.Nxd4 g6 5.c4 Nf6 6.Nc3 Nxd4 7.Qxd4 d6 8.Bg5 Bg7
9.Qd2 O-O 10.Be2 Be6 11.O-O Rc8 12.Rfd1 Bxc4 13.Bxc4 Rxc4 14.e5 Ne4 15.Qe2
Nxc3 16.bxc3 d5 17.Rab1 h6 18.Qxc4 dxc4 19.Rxd8 Rxd8 20.Bxe7 Rd3 21.f4 b6
22.Bb4 Bf8 23.Rb2 Bxb4 24.cxb4 b5 25.Re2 Kf8 26.Kf2 Ke7 27.g4 Ke6 28.Kg2 c3
29.f5+ gxf5 30.gxf5+ Kxf5 31.Rf2+ Kxe5 32.Rxf7 Rd4 {#R} 0-1

[Event "It (open)"]
[Site "masterchessopen.com Prague (Czech Republic)"]
[Round "7"]
[White "Simacek Pavel (CZE)"]
[Black "Mrna Vladimir (CZE)"]
[Result "1-0"]
[WhiteElo "2463"]
[BlackElo "2030"]

1.e4 c5 2.Nf3 Nc6 3.d4 cxd4 4.Nxd4 g6 5.c4 Nf6 6.Nc3 Nxd4 7.Qxd4 d6 8.Bg5 Bg7
9.Be2 O-O 10.Qe3 Be6 11.O-O Qb6 12.Qd2 Rfc8 13.b3 Qa5 14.Rac1 a6 15.f4 Rc5
16.Qe3 b5 17.e5 Nd7 18.Bxe7 dxe5 19.Bxc5 exf4 20.Qf3 {#r} 1-0

[Event "It (open)"]
[Site "masterchessopen.com Bad Woerishofen (Germany)"]
[Date "2005.03.08"]
[Round "6"]
[White "Friedrich Norbert (GER)"]
[Black "Tennstedt Andreas (GER)"]
[Result "1-0"]
[WhiteElo "2296"]
[BlackElo "2207"]

1.e4 c5 2.Nf3 Nc6 3.d4 cxd4 4.Nxd4 g6 5.c4 Nf6 6.Nc3 d6 7.Be2 Nxd4 8.Qxd4 Bg7
9.Be3 O-O 10.Qd2 Be6 11.O-O Qa5 12.Rfc1 Rfc8 13.b3 a6 14.Rab1 Qd8 15.f3 h5
16.Bf1 Kh7 17.Rc2 Qf8 18.Bg5 Bh6 19.h4 Rc7 20.Ne2 Nd7 21.Nf4 Ne5 22.Rbc1 Rac8
23.a4 Bxg5 24.hxg5 Qg7 25.Nd5 Bxd5 26.exd5 b5 27.cxb5 Rxc2 28.Rxc2 Rxc2
29.Qxc2 Nd7 30.bxa6 Qd4+ 31.Qf2 {#r} 1-0

[Event "It (open)"]
[Site "masterchessopen.com Gorges (France)"]
[Round "2"]
[White "Thibaud Corentin (FRA)"]
[Black "Poilane Anthony (FRA)"]
[Result "1-0"]
[WhiteElo "2008"]
[BlackElo "1727"]

1.e4 c5 2.Nf3 Nc6 3.d4 cxd4 4.Nxd4 g6 5.c4 Nf6 6.Nc3 d6 7.Be2 Nxd4 8.Qxd4 Bg7
9.Be3 O-O 10.Qd2 Bd7 {#r} 1-0

[Event "Ch Slovakia (open)"]
[Site "masterchessopen.com Trencianske Teplice (Slovakia)"]
[Round "9"]
[White "Janos Ivan (SVK)"]
[Black "Straka Josef Jr (SVK)"]
[Result "1-0"]
[WhiteElo "2142"]
[BlackElo "1940"]

1.e4 c5 2.Nf3 Nc6 3.d4 cxd4 4.Nxd4 g6 5.c4 Nf6 6.Nc3 Nxd4 7.Qxd4 d6 8.Be2 Bg7
9.O-O O-O 10.Bg5 h6 11.Bd2 a5 12.Qe3 Bd7 13.b3 Bc6 14.Rae1 Nd7 15.Qh3 Kh7
16.f4 Nc5 17.Bd1 Bxc3 18.Bxc3 Nxe4 19.Bd4 f5 20.Re3 e6 21.Qxh6+ {#r} 1-0

[Event "It (open)"]
[Site "masterchessopen.com Ljubljana (Slovenia)"]
[Date "2005.07.12"]
[Round "7"]
[White "Jazbinsek Sebastjan (SLO)"]
[Black "Paschall William M (USA)"]
[Result "0-1"]
[WhiteElo "2220"]
[BlackElo "2394"]

1.e4 c5 2.Nf3 Nc6 3.d4 cxd4 4.Nxd4 g6 5.c4 Nf6 6.Nc3 d6 7.Be2 Nxd4 8.Qxd4 Bg7
9.O-O O-O 10.Bg5 Be6 11.Qd2 Qa5 12.Rac1 Rfc8 13.b3 Rab8 14.Rfd1 Kf8 15.h3 a6
16.Bg4 Nxg4 17.hxg4 f6 18.Bf4 Bxg4 19.Bxd6 exd6 20.Qxd6+ Kf7 21.Rd5 Qc7 22.Qb4
Bf8 23.c5 Bxc5 24.Qc4 Be6 25.Rxc5 Qxc5 {#R} 0-1

[Event "Ch World (juniors) (under 12)"]
[Site "masterchessopen.com Belfort (France)"]
[Date "2005.07.24"]
[Round "6"]
[White "Swiercz Dariusz (POL)"]
[Black "Meribanov Vitaly (BLR)"]
[Result "1-0"]
[WhiteElo "2146"]
[BlackElo "1854"]

1.e4 c5 2.Nf3 Nc6 3.d4 cxd4 4.Nxd4 g6 5.c4 Nf6 6.Nc3 d6 7.Be2 Nxd4 8.Qxd4 Bg7
9.Be3 O-O 10.Qd2 Qa5 11.f3 Be6 12.Rc1 Rfc8 13.b3 a6 14.Na4 Qxd2+ 15.Kxd2 Nd7
16.g4 Rab8 17.Nc3 Nc5 18.b4 Nd7 19.Nd5 Bxd5 20.cxd5 b5 21.Rxc8+ Rxc8 22.Rc1
Rxc1 23.Kxc1 Ne5 24.f4 Nc4 25.Bxc4 bxc4 26.a4 Kf8 27.b5 axb5 28.a5 {#r} 1-0

[Event "Ch World (juniors) (under 18) (g)"]
[Site "masterchessopen.com Belfort (France)"]
[Date "2005.07.26"]
[Round "8"]
[White "Isgandarova Khayala (AZE)"]
[Black "Cochet Caroline (FRA)"]
[Result "1-0"]
[WhiteElo "2058"]
[BlackElo "2048"]

1.e4 c5 2.Nf3 Nc6 3.d4 cxd4 4.Nxd4 g6 5.c4 Nf6 6.Nc3 d6 7.Be2 Nxd4 8.Qxd4 Bg7
9.Be3 O-O 10.Qd2 Be6 11.f3 Qa5 12.Bd4 Rfc8 13.b3 Nd7 14.Bxg7 Kxg7 15.O-O a6
16.f4 f6 17.Rac1 b5 18.cxb5 axb5 19.Qe3 b4 20.Nb5 Qxa2 21.Nc7 Nc5 22.Rxc5 dxc5
23.Nxe6+ {#r} 1-0

[Event "Ch World (juniors) (under 14)"]
[Site "masterchessopen.com Belfort (France)"]
[Date "2005.07.27"]
[Round "9"]
[White "Roganovic Milos (SRB)"]
[Black "Delivre Raphael (FRA)"]
[Result "1-0"]
[WhiteElo "2206"]
[BlackElo "2044"]

1.e4 c5 2.Nf3 Nc6 3.d4 cxd4 4.Nxd4 g6 5.c4 Nf6 6.Nc3 d6 7.Be2 Nxd4 8.Qxd4 Bg7
9.Be3 O-O 10.Qd2 Be6 11.O-O Qa5 12.Rab1 Rfc8 13.b3 a6 14.Rfc1 Qb4 15.a3 Qxa3
16.Ra1 Qb4 17.Ra4 Qxb3 18.Bd1 Nxe4 19.Nxe4 Qb2 20.Qxb2 Bxb2 21.Rb1 Rxc4
22.Rxc4 Bxc4 23.Rxb2 b5 24.Nd2 Rc8 25.Nxc4 bxc4 26.f4 f6 27.Ba4 f5 {#r} 1-0

[Event "Ch Portugal (b)"]
[Site "masterchessopen.com Vila Real (Portugal)"]
[Date "2005.08.06"]
[Round "4"]
[White "Andrade Jose (POR)"]
[Black "Carneiro Carlos (POR)"]
[Result "1-0"]
[WhiteElo "2258"]
[BlackElo "2219"]

1.e4 c5 2.Nf3 Nc6 3.d4 cxd4 4.Nxd4 g6 5.c4 Nf6 6.Nc3 Nxd4 7.Qxd4 d6 8.c5 Bg7
9.cxd6 O-O 10.Bg5 h6 11.Bxf6 Bxf6 12.e5 Qxd6 13.Qxd6 {#r} 1-0

[Event "It (open)"]
[Site "masterchessopen.com Vadso (Norway)"]
[Date "2005.08.26"]
[Round "1"]
[White "Brasoy Aksel (NOR)"]
[Black "Hanssen Gunnar Berg (NOR)"]
[Result "0-1"]
[WhiteElo "1979"]
[BlackElo "2258"]

1.e4 c5 2.Nf3 g6 3.c4 Nc6 4.d4 cxd4 5.Nxd4 Nf6 6.Nc3 d6 7.Be2 Nxd4 8.Qxd4 Bg7
9.O-O O-O 10.Qd3 Be6 11.f3 Nd7 12.b3 Qa5 13.Bd2 Rfc8 14.Nd5 Qd8 15.Rac1 Nc5
16.Qb1 a5 17.Bg5 Bxd5 18.cxd5 b5 19.Kh1 b4 20.Bb5 Ra7 21.Bc6 Rac7 22.Rfd1 Nd7
23.Be3 Rb8 24.Bd4 Bxd4 25.Rxd4 Ne5 26.Rc2 Rbc8 27.Qc1 e6 28.h3 Qh4 29.Kh2 exd5
{#R} 0-1

[Event "It (cat.7)"]
[Site "masterchessopen.com Budapest (Hungary)"]
[Date "2005.09.07"]
[Round "5"]
[White "Fogarasi Tibor (HUN)"]
[Black "Reiss Tibor (HUN)"]
[Result "1-0"]
[WhiteElo "2482"]
[BlackElo "2396"]

1.e4 c5 2.Nf3 Nc6 3.d4 cxd4 4.Nxd4 g6 5.c4 Nf6 6.Nc3 d6 7.Be2 Nxd4 8.Qxd4 Bg7
9.Be3 O-O 10.Qd2 Be6 11.Rc1 Nd7 12.O-O Nc5 13.f3 a5 14.b3 Bd7 15.Rb1 f5
16.exf5 gxf5 17.Nd5 e5 18.Bg5 Qb8 19.Nb6 Ra6 20.Nxd7 Nxd7 21.c5 Rc6 22.Bb5
{#r} 1-0

[Event "Ch Finland (team) 2005/06"]
[Site "masterchessopen.com Finland"]
[Date "2005.09.18"]
[Round "2"]
[White "Taivainen Jukka (FIN)"]
[Black "Mustonen Ilkka (FIN)"]
[Result "1-0"]
[WhiteElo "2250"]
[BlackElo "2070"]

1.e4 c5 2.Nf3 g6 3.d4 cxd4 4.Nxd4 Nc6 5.c4 Nf6 6.Nc3 d6 7.Be2 Nxd4 8.Qxd4 Bg7
9.Bg5 O-O 10.Qd2 Be6 11.Rc1 Qa5 12.f3 Rfc8 13.b3 a6 14.Na4 Qxd2+ 15.Kxd2 Nd7
16.h4 f6 17.Be3 f5 18.exf5 gxf5 19.f4 d5 20.Bf3 d4 21.Bf2 Rab8 22.Rhe1 b5
23.cxb5 Rxc1 24.Rxc1 axb5 25.Nc5 Nxc5 26.Rxc5 Rb6 27.Rc6 Rxc6 28.Bxc6 Kf7
29.Bxb5 Bd5 30.Bc4 {#r} 1-0

[Event "It (open)"]
[Site "masterchessopen.com Hamburg (Germany)"]
[Date "2005.10.04"]
[Round "4"]
[White "Sievers Stefan (GER)"]
[Black "Jordan Juergen (GER)"]
[Result "1-0"]
[WhiteElo "2372"]
[BlackElo "2142"]

1.e4 c5 2.Nf3 Nc6 3.d4 cxd4 4.Nxd4 g6 5.c4 Nf6 6.Nc3 d6 7.Be2 Nxd4 8.Qxd4 Bg7
9.Bg5 O-O 10.Qd2 Be6 11.f3 Qa5 12.Rc1 Rfc8 13.b3 a6 14.Na4 Qxd2+ 15.Kxd2 Rc6
16.g4 Kf8 17.Be3 Nd7 18.g5 Nc5 19.Nc3 b5 20.cxb5 axb5 21.Bxb5 Bxc3+ 22.Kxc3
Nxe4+ 23.Kb2 Rxc1 24.Rxc1 Rb8 25.a4 {#r} 1-0

[Event "It (open)"]
[Site "masterchessopen.com Bad Wiessee (Germany)"]
[Round "3"]
[White "Womacka Mathias (GER)"]
[Black "Tennstedt Andreas (GER)"]
[Result "1-0"]
[WhiteElo "2397"]
[BlackElo "2207"]

1.e4 c5 2.Nf3 Nc6 3.d4 cxd4 4.Nxd4 g6 5.c4 Nf6 6.Nc3 d6 7.Be2 Nxd4 8.Qxd4 Bg7
9.Be3 O-O 10.Qd2 Be6 11.Rc1 Rc8 12.b3 a6 13.O-O Re8 14.f3 Qa5 15.Rc2 Rc7 16.b4
Qh5 17.Nd5 Bxd5 18.cxd5 Rec8 19.Rfc1 Rxc2 20.Rxc2 Rxc2 21.Qxc2 Bh6 22.f4 Qh4
23.Qc8+ Bf8 24.g3 Qh6 25.Bf3 Qg7 26.Bd4 {#r} 1-0